00827pam a2200241 a 45000010008000000030004000080050017000120080041000290100017000700200033000870200039001200400018001590430012001770820016001891000022002052450068002272500012002952600068003073000026003755040051004016510044004528560089004963416154OSt20230620112459.0900328s1990 enk b 001 0 eng  a 90035576  a0198277571 :c£27.50 (est.) a0198278608 (pbk.) :c£9.95 (est.) aDLCcDLCdDLC ae-uk---00a320.94bKAV1 aKavanagh, Dennis.10aBritish politics :bcontinuities and change /cDennis Kavanagh. a2nd ed. aOxford [England] ;aNew York :bOxford University Press,c1990. axii, 336 p. ;c24 cm. aIncludes bibliographical references and index. 0aGreat BritainxPolitics and government.423Publisher descriptionuhttp://www.loc.gov/catdir/enhancements/fy0639/90035576-d.html